[Event "GRENKE Chess Open 2024"]
[Site "Karlsruhe"]
[Date "2024.03.31"]
[Round "6.9"]
[White "Petrovskyi, Vadym"]
[Black "Sarana, Alexey"]
[Result "1/2-1/2"]
[WhiteElo "2421"]
[BlackElo "2699"]
[Annotator "TA"]
[PlyCount "90"]
[EventDate "2024.03.28"]
[EventType "swiss"]
[EventCountry "GER"]
[SourceTitle "playchess.com"]
[Source "ChessBase"]
[SourceQuality "1"]

1. d4 Nf6 2. c4 e6 3. Nf3 d5 4. Nc3 Nbd7 5. Bf4 Bb4 6. cxd5 exd5 7. e3 Ne4 8. Qc2 g5 9. Be5 Nxe5 10. Nxe5 c6 11. Bd3 Nd6 12. Bxh7 Be6 13. Bd3 f6 14. Nf3 Qe7 15. O-O-O O-O-O 16. h3 Kb8 17. Nd2 f5 18. a3 Ba5 19. Nb3 Bc7 20. Nc5 Bc8 21. Kb1 Ne4 22. Nb3 Rde8 23. Rhe1 Qf6 24. Ka1 Re7 25. Rf1 Rhe8 26. Nxe4 fxe4 27. Be2 b6 28. Nc1 Bb7 29. Na2 Bd6 30. Qa4 Rc8 31. Nc3 Qg7 32. Bg4 Rf8 33. Qc2 Rf6 34. Qe2 a5 35. Qd2 Qf8 36. f3 Ba6 37. Rh1 Bd3 38. Rc1 Kb7 39. h4 gxh4 40. Rxh4 Rg7 41. Rch1 Qe7 42. Qc1 b5 43. Rh8 Rf8 44. R8h6 Rf6 45. Rh8 Rf8 1/2-1/2

[Event "GRENKE Chess Open 2024"]
[Site "Karlsruhe"]
[Date "2024.03.31"]
[Round "6.9"]
[White "Lutz, Ruben"]
[Black "Sofronie, Iulian"]
[Result "1-0"]
[WhiteElo "2270"]
[BlackElo "2395"]
[Annotator "RC"]
[PlyCount "69"]
[EventDate "2024.03.28"]
[EventType "swiss"]
[EventCountry "GER"]
[SourceTitle "playchess.com"]
[Source "ChessBase"]
[SourceQuality "1"]

1. d4 Nf6 2. Nf3 g6 3. c4 Bg7 4. g3 O-O 5. Bg2 d6 6. O-O Nc6 7. Nc3 e5 8. dxe5 Nxe5 9. Nxe5 dxe5 10. Qxd8 Rxd8 11. Bg5 Rd4 12. Be3 Rxc4 13. Rfd1 Bd7 14. Nd5 Bg4 15. h3 Be6 16. Nxf6+ Bxf6 17. Bxb7 Rb8 18. b3 Rc2 19. Be4 Rxe2 20. Bxa7 Rd8 21. Rxd8+ Bxd8 22. Be3 Rb2 23. Bc1 Re2 24. Be3 Rb2 25. Bd3 e4 26. Bc1 Rxf2 27. Kxf2 exd3 28. Be3 c6 29. Rc1 Bd5 30. Rc3 Be4 31. Rc4 f5 32. a4 Kf7 33. b4 Ke6 34. a5 Kd5 35. Rd4+ 1-0

[Event "GRENKE Chess Open 2024"]
[Site "Karlsruhe"]
[Date "2024.03.31"]
[Round "6.10"]
[White "Santos Latasa, Jaime"]
[Black "Garifullina, Leya"]
[Result "1/2-1/2"]
[WhiteElo "2621"]
[BlackElo "2413"]
[Annotator "TA"]
[PlyCount "57"]
[EventDate "2024.03.28"]
[EventType "swiss"]
[EventCountry "GER"]
[SourceTitle "playchess.com"]
[Source "ChessBase"]
[SourceQuality "1"]

1. e4 c5 2. Nf3 d6 3. d4 cxd4 4. Nxd4 Nf6 5. Nc3 a6 6. Be3 e5 7. Nb3 Be6 8. f3 h5 9. Nd5 Bxd5 10. exd5 Nbd7 11. Qd2 g6 12. O-O-O Nb6 13. Kb1 Nbxd5 14. Bg5 Be7 15. Bd3 Qc7 16. Rhe1 Nb6 17. a4 O-O-O 18. a5 Nbd7 19. Be3 Kb8 20. Bg1 Rhe8 21. c3 d5 22. Bc2 Bd6 23. h3 Qc6 24. Qf2 Kc8 25. g4 hxg4 26. fxg4 Re7 27. Qg2 Bc7 28. h4 Rh8 29. Bf2 1/2-1/2

[Event "GRENKE Chess Open 2024"]
[Site "Karlsruhe"]
[Date "2024.03.31"]
[Round "6.10"]
[White "De Boer, Eelke"]
[Black "Cernov, Vadim"]
[Result "1/2-1/2"]
[WhiteElo "2395"]
[BlackElo "2255"]
[Annotator "RC"]
[PlyCount "74"]
[EventDate "2024.03.28"]
[EventType "swiss"]
[EventCountry "GER"]
[SourceTitle "playchess.com"]
[Source "ChessBase"]
[SourceQuality "1"]

1. e4 c5 2. Nf3 e6 3. d4 cxd4 4. Nxd4 Nf6 5. Nc3 Nc6 6. Ndb5 Bb4 7. a3 Bxc3+ 8. Nxc3 d5 9. exd5 exd5 10. Bd3 O-O 11. O-O Bg4 12. f3 Bh5 13. Bg5 Qb6+ 14. Kh1 Ne4 15. Nxe4 dxe4 16. Bxe4 Qxb2 17. Qb1 Qb6 18. Qxb6 axb6 19. Rfb1 Bg6 20. Bxg6 hxg6 21. Rxb6 Nd4 22. c3 Nc2 23. Rc1 Rfe8 24. h3 Nxa3 25. Rxb7 Nc4 26. Rc7 Rac8 27. Rxc8 Rxc8 28. Be7 f6 29. Bb4 g5 30. Rd1 Ne5 31. Kg1 Ra8 32. Rd2 Ra1+ 33. Kf2 Rc1 34. Kg3 Ng6 35. Kf2 Ne5 36. Bc5 Rxc3 37. Bd4 Rd3 1/2-1/2

[Event "GRENKE Chess Open 2024"]
[Site "Karlsruhe"]
[Date "2024.03.31"]
[Round "6.11"]
[White "Bochnicka, Vladimir"]
[Black "Meier, Georg"]
[Result "1/2-1/2"]
[WhiteElo "2413"]
[BlackElo "2620"]
[Annotator "TA"]
[PlyCount "87"]
[EventDate "2024.03.28"]
[EventType "swiss"]
[EventCountry "GER"]
[SourceTitle "playchess.com"]
[Source "ChessBase"]
[SourceQuality "1"]

1. e4 e6 2. d4 d5 3. exd5 exd5 4. Nf3 Nf6 5. Bd3 Bd6 6. Qe2+ Be7 7. O-O O-O 8. Re1 Bd6 9. Bg5 h6 10. Bh4 Nc6 11. c3 g5 12. Bg3 Re8 13. Qc2 Rxe1+ 14. Nxe1 Bxg3 15. hxg3 Qd6 16. Nd2 Bd7 17. Nef3 Re8 18. b4 Ng4 19. a4 Kf8 20. a5 b6 21. axb6 axb6 22. b5 Na5 23. c4 dxc4 24. Nxc4 Nxc4 25. Bxc4 Qf6 26. Bd3 Qd6 27. Rc1 Rc8 28. Qc3 Qd5 29. Bc4 Qf5 30. d5 Re8 31. Qh8+ Ke7 32. Qd4 Qf6 33. Bd3 Qxd4 34. Nxd4 Kd6 35. Nf5+ Kxd5 36. f3 Bxf5 37. Bxf5 Ne3 38. Be4+ Kd4 39. Rxc7 f5 40. Rd7+ Kc5 41. Bc6 Re5 42. Kf2 Nd5 43. Rh7 Re6 44. Rf7 1/2-1/2

[Event "GRENKE Chess Open 2024"]
[Site "Karlsruhe"]
[Date "2024.03.31"]
[Round "6.11"]
[White "Peil, Christoph"]
[Black "Cukrowski, Filip"]
[Result "0-1"]
[WhiteElo "2268"]
[BlackElo "2394"]
[Annotator "RC"]
[PlyCount "86"]
[EventDate "2024.03.28"]
[EventType "swiss"]
[EventCountry "GER"]
[SourceTitle "playchess.com"]
[Source "ChessBase"]
[SourceQuality "1"]

1. e4 c5 2. Nc3 d6 3. d4 cxd4 4. Qxd4 Nc6 5. Qd2 Nf6 6. b3 a6 7. Bb2 e6 8. O-O-O Be7 9. Kb1 Qa5 10. f3 h5 11. Nh3 Bd7 12. Rg1 O-O-O 13. Ng5 Be8 14. Bc4 d5 15. exd5 exd5 16. Bd3 d4 17. Nce4 Qxd2 18. Rxd2 Nd5 19. g4 g6 20. a3 b5 21. Rf2 Nc7 22. f4 f6 23. gxh5 fxg5 24. hxg6 Bxg6 25. f5 Bh5 26. f6 Bf8 27. Nxg5 Ne5 28. Bf5+ Kb8 29. Rf4 Bc5 30. b4 Bb6 31. Re1 Nf7 32. Ne6 Nxe6 33. Rxe6 Nd6 34. Bd3 Bf7 35. Re7 Rxh2 36. Bxd4 Rh1+ 37. Kb2 Nc4+ 38. Kc3 Rc8 39. Bf5 Ra1 40. Kd3 Rd1+ 41. Kc3 Bxd4+ 42. Rxd4 Nb6+ 43. Bxc8 Na4# 0-1

[Event "GRENKE Chess Open 2024"]
[Site "Karlsruhe"]
[Date "2024.03.31"]
[Round "6.12"]
[White "Baum, Jonasz"]
[Black "Kazakouski, Valery"]
[Result "1/2-1/2"]
[WhiteElo "2400"]
[BlackElo "2608"]
[Annotator "TA"]
[PlyCount "63"]
[EventDate "2024.03.28"]
[EventType "swiss"]
[EventCountry "GER"]
[SourceTitle "playchess.com"]
[Source "ChessBase"]
[SourceQuality "1"]

1. d4 Nf6 2. c4 e6 3. Nf3 Bb4+ 4. Nbd2 d6 5. a3 Bxd2+ 6. Qxd2 a5 7. Qc2 Qe7 8. Bg5 Nbd7 9. e3 e5 10. Be2 h6 11. Bh4 b6 12. Bxf6 Nxf6 13. dxe5 dxe5 14. Qc3 e4 15. Nd4 c5 16. Nb5 O-O 17. O-O-O Ba6 18. Nd6 Bc8 19. Rd2 Bd7 20. Rhd1 g6 21. h3 Ba4 22. b3 Bc6 23. Nb5 Rfc8 24. a4 Ne8 25. Nd6 Rd8 26. Nxe8 Bxe8 27. Rxd8 Rxd8 28. Rxd8 Qxd8 29. Qe5 Bc6 30. g3 Bb7 31. h4 Qd7 32. Qf6 1/2-1/2

[Event "GRENKE Chess Open 2024"]
[Site "Karlsruhe"]
[Date "2024.03.31"]
[Round "6.12"]
[White "Faerber, David"]
[Black "Jahncke, Giso"]
[Result "0-1"]
[WhiteElo "2394"]
[BlackElo "2250"]
[Annotator "RC"]
[PlyCount "82"]
[EventDate "2024.03.28"]
[EventType "swiss"]
[EventCountry "GER"]
[SourceTitle "playchess.com"]
[Source "ChessBase"]
[SourceQuality "1"]

1. e4 e5 2. Nf3 Nc6 3. Bb5 a6 4. Ba4 Nf6 5. O-O Be7 6. d3 b5 7. Bb3 d6 8. c3 O-O 9. a4 Bd7 10. Bc2 Re8 11. Re1 h6 12. Nbd2 Bf8 13. h3 Ne7 14. d4 Ng6 15. Nf1 c5 16. d5 Nh5 17. Kh2 Nhf4 18. Ng1 Ne7 19. Ne3 Qc8 20. Qf3 Rb8 21. g3 Nfg6 22. Bd2 Qc7 23. Reb1 Nh8 24. b4 Rec8 25. Ne2 Kh7 26. h4 Ng8 27. Bd3 c4 28. Bc2 Qd8 29. Qg2 h5 30. Ra3 g6 31. Rba1 f6 32. f3 Bh6 33. Qf2 Rc7 34. Be1 Kg7 35. Qg1 Nf7 36. Bf2 Ne7 37. axb5 axb5 38. Ra6 Bc8 39. R6a5 Kh8 40. Ng2 Qd7 41. Ba7 Qh3# 0-1

[Event "GRENKE Chess Open 2024"]
[Site "Karlsruhe"]
[Date "2024.03.31"]
[Round "6.13"]
[White "Monroy, Charles"]
[Black "Huber, Benedikt"]
[Result "1/2-1/2"]
[WhiteElo "2393"]
[BlackElo "2247"]
[Annotator "RC"]
[PlyCount "45"]
[EventDate "2024.03.28"]
[EventType "swiss"]
[EventCountry "GER"]
[SourceTitle "playchess.com"]
[Source "ChessBase"]
[SourceQuality "1"]

1. Nf3 d5 2. d4 Nf6 3. c4 e6 4. Nc3 a6 5. cxd5 exd5 6. Bg5 Be6 7. e3 Nbd7 8. Bf4 c5 9. dxc5 Nxc5 10. Be2 Nfe4 11. Be5 Nxc3 12. Bxc3 Ne4 13. Qd4 Nxc3 14. Qxc3 Rc8 15. Qd2 Qb6 16. O-O Bb4 17. Qd3 Be7 18. Nd4 O-O 19. Qd2 Bb4 20. Qd3 Be7 21. a3 Rc7 22. Qd2 Rfc8 23. Rac1 1/2-1/2

[Event "GRENKE Chess Open 2024"]
[Site "Karlsruhe"]
[Date "2024.03.31"]
[Round "6.13"]
[White "Hess, Max"]
[Black "Indjic, Aleksandar"]
[Result "1/2-1/2"]
[WhiteElo "2392"]
[BlackElo "2595"]
[Annotator "RC"]
[PlyCount "133"]
[EventDate "2024.03.28"]
[EventType "swiss"]
[EventCountry "GER"]
[SourceTitle "playchess.com"]
[Source "ChessBase"]
[SourceQuality "1"]

1. Nf3 d5 2. e3 Nf6 3. c4 c6 4. Nc3 Nbd7 5. Qc2 e5 6. cxd5 Nxd5 7. b3 Bd6 8. Bb2 Nxc3 9. Bxc3 Qe7 10. e4 O-O 11. Be2 c5 12. O-O Nb8 13. h3 Nc6 14. Bc4 Qf6 15. Qd3 Rb8 16. Rac1 Bd7 17. Bb5 a6 18. Bxc6 Bxc6 19. Qe2 Qe6 20. d3 Rfd8 21. Rfd1 f6 22. Nd2 Bf8 23. Nc4 b6 24. Bd2 Be8 25. Be3 Rd7 26. Qg4 Qf7 27. Qe2 Rdd8 28. Rc2 Rb7 29. Rdc1 Qd7 30. Rd2 Bf7 31. Qg4 Be6 32. Qe2 Rbb8 33. Rdd1 Be7 34. Rc2 Qb5 35. Rb2 Rb7 36. Kf1 Rbd7 37. Kg1 Qc6 38. Rc2 Qb5 39. Rb2 Bf8 40. Rbb1 Qc6 41. Rbc1 Bf7 42. Rd2 h5 43. Rdd1 Qe6 44. Rd2 g6 45. Rdd1 Kh7 46. Kf1 Qc6 47. Kg1 Qe6 48. Rd2 Re8 49. Rdd1 f5 50. f3 f4 51. Bf2 g5 52. Kf1 Red8 53. Qc2 Be7 54. Qc3 Bf6 55. Ke2 Kg7 56. a4 a5 57. Rd2 g4 58. hxg4 hxg4 59. Rh1 g3 60. Be1 Rd4 61. Rd1 Bg6 62. Qc2 Rh8 63. Rxh8 Kxh8 64. Bc3 Rd8 65. Qb2 Re8 66. Rh1+ Kg7 67. Qa1 1/2-1/2

[Event "GRENKE Chess Open 2024"]
[Site "Karlsruhe"]
[Date "2024.03.31"]
[Round "6.14"]
[White "Werthebach, Felix"]
[Black "Mladek, Richard"]
[Result "1/2-1/2"]
[WhiteElo "2260"]
[BlackElo "2393"]
[Annotator "RC"]
[PlyCount "55"]
[EventDate "2024.03.28"]
[EventType "swiss"]
[EventCountry "GER"]
[SourceTitle "playchess.com"]
[Source "ChessBase"]
[SourceQuality "1"]

1. c4 e6 2. g3 d5 3. Bg2 Nf6 4. Nf3 Be7 5. O-O O-O 6. Qc2 dxc4 7. Qxc4 a6 8. d4 b5 9. Qc2 Bb7 10. Bf4 Bd6 11. Nbd2 Nbd7 12. a4 Qe7 13. axb5 axb5 14. Qb3 Rfb8 15. Rxa8 Bxa8 16. Ra1 Bxf4 17. gxf4 Qd6 18. e3 c5 19. Qa3 Bd5 20. dxc5 Nxc5 21. Rc1 b4 22. Qa7 Nfd7 23. Nc4 Bxc4 24. Rxc4 Qd1+ 25. Bf1 Qxf3 26. Rxc5 Qg4+ 27. Kh1 Qf3+ 28. Kg1 1/2-1/2

[Event "GRENKE Chess Open 2024"]
[Site "Karlsruhe"]
[Date "2024.03.31"]
[Round "6.15"]
[White "Meshkovs, Nikita"]
[Black "Zuferi, Enis"]
[Result "1/2-1/2"]
[WhiteElo "2556"]
[BlackElo "2400"]
[Annotator "TA"]
[PlyCount "59"]
[EventDate "2024.03.28"]
[EventType "swiss"]
[EventCountry "GER"]
[SourceTitle "playchess.com"]
[Source "ChessBase"]
[SourceQuality "1"]

1. d4 Nf6 2. c4 e6 3. Nc3 Bb4 4. e3 O-O 5. Bd3 d5 6. cxd5 exd5 7. Nge2 Re8 8. Bd2 c6 9. Qc2 a5 10. O-O Na6 11. a3 Bd6 12. f3 c5 13. Rad1 Bd7 14. Bb5 Rc8 15. Qa4 Bc6 16. Bxc6 bxc6 17. Qc2 Qb6 18. Kh1 h6 19. Bc1 Qb8 20. Qf5 cxd4 21. exd4 Re6 22. Bf4 Rce8 23. Bxd6 Qxd6 24. Qd3 Nc7 25. Ng3 g6 26. Qd2 h5 27. Qg5 Nh7 28. Qd2 Nf6 29. Qg5 Nh7 30. Qd2 1/2-1/2

[Event "GRENKE Chess Open 2024"]
[Site "Karlsruhe"]
[Date "2024.03.31"]
[Round "6.15"]
[White "Volkov, Mykyta"]
[Black "Muckle, Julius"]
[Result "1-0"]
[WhiteElo "2256"]
[BlackElo "2389"]
[Annotator "RC"]
[PlyCount "63"]
[EventDate "2024.03.28"]
[EventType "swiss"]
[EventCountry "GER"]
[SourceTitle "playchess.com"]
[Source "ChessBase"]
[SourceQuality "1"]

1. d4 d5 2. c4 c6 3. Nf3 Nf6 4. e3 Bf5 5. Nc3 e6 6. Nh4 Be4 7. f3 Bg6 8. Bd2 Be7 9. Qb3 Qc7 10. O-O-O Nbd7 11. Nxg6 hxg6 12. g4 dxc4 13. Bxc4 b5 14. Be2 Rxh2 15. f4 Rxh1 16. Rxh1 Nb6 17. Kb1 a6 18. g5 Nfd5 19. Ne4 Nd7 20. Rh8+ Nf8 21. Rh1 f5 22. gxf6 gxf6 23. Qc2 f5 24. Nf2 c5 25. e4 Nxf4 26. Bf3 Rc8 27. exf5 exf5 28. Bxf4 Qxf4 29. Bb7 Rc7 30. Bxa6 cxd4 31. Bxb5+ Kf7 32. Bc4+ 1-0

[Event "GRENKE Chess Open 2024"]
[Site "Karlsruhe"]
[Date "2024.03.31"]
[Round "6.16"]
[White "Buksa, Nataliya"]
[Black "Smeets, Kobe"]
[Result "0-1"]
[WhiteElo "2388"]
[BlackElo "2244"]
[Annotator "RC"]
[PlyCount "156"]
[EventDate "2024.03.28"]
[EventType "swiss"]
[EventCountry "GER"]
[SourceTitle "playchess.com"]
[Source "ChessBase"]
[SourceQuality "1"]

1. e4 e5 2. Nf3 Nc6 3. Bc4 Nf6 4. d4 exd4 5. e5 d5 6. Bb5 Nd7 7. O-O Be7 8. Bxc6 bxc6 9. Nxd4 Nb8 10. f4 c5 11. Nf3 O-O 12. Nc3 d4 13. Ne4 Qd5 14. Re1 Nc6 15. b3 Rd8 16. Ba3 c4 17. Bxe7 Nxe7 18. Nfd2 cxb3 19. cxb3 Qe6 20. Nf3 Qg4 21. Nf2 Qg6 22. Rc1 Be6 23. Nxd4 Rac8 24. f5 Nxf5 25. Nxf5 Qxf5 26. Qe2 Qg5 27. Rcd1 h5 28. h3 c5 29. Qe4 Rd2 30. h4 Qh6 31. Rxd2 Qxd2 32. Re2 Qc1+ 33. Kh2 Rd8 34. Nh3 Bxh3 35. gxh3 Rd4 36. Qf3 Rf4 37. Qg3 Rf1 38. Qe3 Rh1+ 39. Kg3 Rg1+ 40. Kf3 Qf1+ 41. Ke4 Rh1 42. Kd5 Rxh3 43. Qd2 Qf5 44. Kxc5 Rd3 45. Qc2 Qd7 46. Kb4 Qe7+ 47. Kc4 Rd8 48. Qe4 Qc7+ 49. Kb4 a5+ 50. Ka4 Qc5 51. b4 axb4 52. Rc2 Qa7+ 53. Kb5 Rb8+ 54. Kc4 Qa6+ 55. Kd4 Rd8+ 56. Ke3 Qa3+ 57. Ke2 Qh3 58. Kf2 g6 59. Ke2 Qh2+ 60. Ke3 Qg1+ 61. Kf3 Rd1 62. Rg2 Qf1+ 63. Kg3 Re1 64. Qxb4 Re3+ 65. Kh2 Qf5 66. Kg1 Qxe5 67. Qd2 Re1+ 68. Kf2 Rb1 69. Kf3 Qf5+ 70. Ke3 Qh3+ 71. Kd4 Qxh4+ 72. Kc5 Qe7+ 73. Kc4 Qe4+ 74. Kc5 Rb8 75. Rg5 Rc8+ 76. Kb5 Qc4+ 77. Kb6 Rb8+ 78. Ka5 Ra8+ 0-1

[Event "GRENKE Chess Open 2024"]
[Site "Karlsruhe"]
[Date "2024.03.31"]
[Round "6.16"]
[White "Weishaeutel, Moritz"]
[Black "Muradli, Mahammad"]
[Result "1-0"]
[WhiteElo "2378"]
[BlackElo "2555"]
[Annotator "TA"]
[PlyCount "109"]
[EventDate "2024.03.28"]
[EventType "swiss"]
[EventCountry "GER"]
[SourceTitle "playchess.com"]
[Source "ChessBase"]
[SourceQuality "1"]

1. d4 Nf6 2. c4 g6 3. Nc3 Bg7 4. e4 O-O 5. Be2 d6 6. Be3 e5 7. d5 Na6 8. h4 Nc5 9. Qc2 c6 10. h5 cxd5 11. cxd5 Qa5 12. h6 Bh8 13. f3 Bd7 14. Rb1 Na4 15. Qd2 Nxc3 16. bxc3 Qc7 17. g4 b6 18. Nh3 Ne8 19. Bd3 Bf6 20. O-O Be7 21. Kh2 Qc8 22. Rg1 Nc7 23. Qe2 Kh8 24. Rbf1 Ne8 25. c4 Nc7 26. f4 Na6 27. fxe5 dxe5 28. Qf3 f6 29. Rc1 Bc5 30. Nf2 Bxe3 31. Qxe3 Qc5 32. Qe2 Qd6 33. Bb1 f5 34. exf5 gxf5 35. g5 Rae8 36. Kh1 Nc5 37. Rcf1 Kg8 38. Qh5 Kh8 39. Nh3 Qg6 40. Qh4 Nb7 41. Bd3 Nd6 42. Nf2 Qg8 43. Be2 f4 44. Bh5 Nf5 45. Qh2 Rc8 46. Ne4 Rxc4 47. Nf6 Rxf6 48. gxf6 Qxd5+ 49. Bf3 Qf7 50. Rd1 e4 51. Bh5 Qxf6 52. Rxd7 Ng3+ 53. Rxg3 fxg3 54. Qb2 Rc1+ 55. Bd1 1-0

[Event "GRENKE Chess Open 2024"]
[Site "Karlsruhe"]
[Date "2024.03.31"]
[Round "6.17"]
[White "Smolik, Jachym"]
[Black "Nechitaylo, Nikita"]
[Result "1-0"]
[WhiteElo "2386"]
[BlackElo "2244"]
[Annotator "RC"]
[PlyCount "65"]
[EventDate "2024.03.28"]
[EventType "swiss"]
[EventCountry "GER"]
[SourceTitle "playchess.com"]
[Source "ChessBase"]
[SourceQuality "1"]

1. Nf3 c5 2. c4 Nc6 3. b3 e5 4. Bb2 d6 5. d3 g6 6. g3 Bg7 7. Bg2 Nge7 8. Nc3 O-O 9. O-O Rb8 10. Ne1 Be6 11. Nd5 f5 12. f4 Bf7 13. Kh1 b5 14. Qd2 a5 15. Nxe7+ Nxe7 16. cxb5 Rxb5 17. Nc2 a4 18. Na3 Rb8 19. fxe5 dxe5 20. Nc4 Bd5 21. e4 fxe4 22. Rxf8+ Qxf8 23. dxe4 Bxc4 24. bxc4 Qd8 25. Qxd8+ Rxd8 26. Ba3 Kf7 27. Rf1+ Ke8 28. Bh3 Rd2 29. Bxc5 Rxa2 30. Be6 Bf8 31. Bd6 a3 32. c5 Rc2 33. Bb3 1-0

[Event "GRENKE Chess Open 2024"]
[Site "Karlsruhe"]
[Date "2024.03.31"]
[Round "6.17"]
[White "Ermitsch, Magnus"]
[Black "Engel, Luis"]
[Result "0-1"]
[WhiteElo "2375"]
[BlackElo "2547"]
[Annotator "TA"]
[PlyCount "70"]
[EventDate "2024.03.28"]
[EventType "swiss"]
[EventCountry "GER"]
[SourceTitle "playchess.com"]
[Source "ChessBase"]
[SourceQuality "1"]

1. e4 c5 2. Nf3 d6 3. d4 cxd4 4. Nxd4 Nf6 5. Nc3 a6 6. Bg5 e6 7. f4 h6 8. Bh4 Nbd7 9. Qe2 e5 10. fxe5 Nxe5 11. Bxf6 Qxf6 12. Nd5 Qd8 13. Nf3 Qa5+ 14. b4 Qd8 15. O-O-O Be6 16. Nxe5 dxe5 17. Qe3 Bd6 18. Bc4 Rc8 19. Qb3 O-O 20. Rhf1 Kh8 21. Kb1 b5 22. Be2 Qh4 23. g4 Rc6 24. Qe3 Rfc8 25. Bd3 Bxg4 26. Rd2 Be6 27. a3 Be7 28. Qa7 Bg5 29. Rdf2 f5 30. Nb6 Be3 31. Rg2 Qf6 32. exf5 Bxb6 33. Qxa6 Bf7 34. Bxb5 R6c7 35. Bd7 Bc4 0-1

[Event "GRENKE Chess Open 2024"]
[Site "Karlsruhe"]
[Date "2024.03.31"]
[Round "6.18"]
[White "Hong, Andrew"]
[Black "Sowinski, Pawel"]
[Result "1-0"]
[WhiteElo "2542"]
[BlackElo "2387"]
[Annotator "RC"]
[PlyCount "73"]
[EventDate "2024.03.28"]
[EventType "swiss"]
[EventCountry "GER"]
[SourceTitle "playchess.com"]
[Source "ChessBase"]
[SourceQuality "1"]

1. e4 e5 2. Nf3 Nc6 3. Bb5 a6 4. Ba4 Nf6 5. O-O Nxe4 6. d4 b5 7. Bb3 d5 8. dxe5 Be6 9. c3 Bc5 10. Nbd2 O-O 11. Bc2 Nxf2 12. Rxf2 Bxf2+ 13. Kxf2 f6 14. Nf1 fxe5 15. Kg1 Qd6 16. b3 h6 17. Qe1 e4 18. Nd4 Nxd4 19. cxd4 c5 20. Be3 c4 21. Bf2 Rf7 22. Bg3 Qa3 23. Ne3 Raf8 24. Qd2 Rf6 25. Bd1 a5 26. Qc1 Qb4 27. bxc4 bxc4 28. Rb1 Qe7 29. Qd2 Qa3 30. Be2 h5 31. Rb6 Bg4 32. Rxf6 Rxf6 33. Nxd5 Bxe2 34. Nxf6+ gxf6 35. Qxe2 c3 36. Be1 Kf8 37. Qc2 1-0

[Event "GRENKE Chess Open 2024"]
[Site "Karlsruhe"]
[Date "2024.03.31"]
[Round "6.18"]
[White "Nothnagel, Marian Can"]
[Black "Terekhov, Andrey"]
[Result "1-0"]
[WhiteElo "2381"]
[BlackElo "2241"]
[Annotator "RC"]
[PlyCount "24"]
[EventDate "2024.03.28"]
[EventType "swiss"]
[EventCountry "GER"]
[SourceTitle "playchess.com"]
[Source "ChessBase"]
[SourceQuality "1"]

1. e4 c5 2. Nf3 e6 3. d3 Nc6 4. g3 d5 5. Nbd2 Bd6 6. Bg2 Nge7 7. O-O O-O 8. Re1 Bc7 9. c3 b6 10. e5 Ba6 11. Nf1 d4 12. c4 b5 1-0

[Event "GRENKE Chess Open 2024"]
[Site "Karlsruhe"]
[Date "2024.03.31"]
[Round "6.19"]
[White "Vavulin, Maxim"]
[Black "Colpe, Malte"]
[Result "1-0"]
[WhiteElo "2538"]
[BlackElo "2384"]
[Annotator "RC"]
[PlyCount "99"]
[EventDate "2024.03.28"]
[EventType "swiss"]
[EventCountry "GER"]
[SourceTitle "playchess.com"]
[Source "ChessBase"]
[SourceQuality "1"]

1. e4 e5 2. Nf3 Nf6 3. d3 Nc6 4. g3 d5 5. exd5 Nxd5 6. Bg2 Be7 7. O-O O-O 8. Re1 Bf6 9. Nbd2 Bg4 10. h3 Bh5 11. Nc4 b5 12. Ncd2 Rb8 13. Ne4 Be7 14. g4 Bg6 15. Ng3 Qd6 16. h4 h6 17. g5 hxg5 18. hxg5 Nf4 19. Bxf4 exf4 20. Ne4 Qd7 21. d4 Qg4 22. c3 Rfe8 23. Qd2 Bxe4 24. Rxe4 Bd6 25. Rae1 Rxe4 26. Rxe4 Ne7 27. Qe2 Kf8 28. Ne5 Qxe2 29. Rxe2 Rd8 30. Re4 Bxe5 31. Rxe5 c6 32. Be4 Rd6 33. Kg2 f6 34. gxf6 Rxf6 35. Kf3 Kf7 36. a4 a6 37. a5 g6 38. Bc2 Nd5 39. Bb3 Rd6 40. Ke4 Kf6 41. Bxd5 cxd5+ 42. Rxd5 Rxd5 43. Kxd5 Kf5 44. Kc6 g5 45. d5 g4 46. d6 g3 47. fxg3 fxg3 48. d7 g2 49. d8=Q g1=Q 50. Qd5+ 1-0

[Event "GRENKE Chess Open 2024"]
[Site "Karlsruhe"]
[Date "2024.03.31"]
[Round "6.19"]
[White "Herbrig, Alexander"]
[Black "Zysk, Robert"]
[Result "*"]
[WhiteElo "2249"]
[BlackElo "2380"]
[Annotator "RC"]
[PlyCount "60"]
[EventDate "2024.03.28"]
[EventType "swiss"]
[EventCountry "GER"]
[SourceTitle "playchess.com"]
[Source "ChessBase"]
[SourceQuality "1"]

1. c4 Nf6 2. Nf3 b6 3. g3 Bb7 4. Bg2 c5 5. O-O g6 6. b3 Bg7 7. Bb2 O-O 8. e3 d5 9. cxd5 Nbd7 10. Qe2 Nxd5 11. Bxg7 Kxg7 12. d4 N5f6 13. Rd1 Qc7 14. Na3 Rad8 15. Rac1 Qb8 16. Nc4 Qa8 17. Nh4 Bxg2 18. Nxg2 Rc8 19. Nf4 cxd4 20. exd4 e6 21. Nd6 Rc6 22. Nb5 Rcc8 23. Nd6 Rxc1 24. Rxc1 Nd5 25. Qe4 Nxf4 26. Qxf4 Qd5 27. Rc7 g5 28. Qe3 Qxd6 29. Qxg5+ Kh8 30. Rxd7 Qxd7 *

[Event "GRENKE Chess Open 2024"]
[Site "Karlsruhe"]
[Date "2024.03.31"]
[Round "6.20"]
[White "De Schampheleire, Glen"]
[Black "Noe, Christopher"]
[Result "1/2-1/2"]
[WhiteElo "2373"]
[BlackElo "2527"]
[Annotator "TA"]
[PlyCount "84"]
[EventDate "2024.03.28"]
[EventType "swiss"]
[EventCountry "GER"]
[SourceTitle "playchess.com"]
[Source "ChessBase"]
[SourceQuality "1"]

1. d4 Nf6 2. c4 e6 3. Nf3 Bb4+ 4. Nbd2 b6 5. a3 Bxd2+ 6. Qxd2 Bb7 7. e3 O-O 8. b4 d6 9. Bb2 Nbd7 10. Be2 Qe7 11. O-O Rfd8 12. Rfd1 c5 13. dxc5 dxc5 14. Qd6 Qxd6 15. Rxd6 Kf8 16. Rad1 Ke8 17. Ng5 e5 18. f4 cxb4 19. axb4 h6 20. Nxf7 Kxf7 21. fxe5 Ke7 22. exf6+ Nxf6 23. c5 Rxd6 24. Rxd6 bxc5 25. bxc5 Rb8 26. Be5 Rc8 27. Bd4 a5 28. Bb5 Be4 29. Ra6 Ra8 30. Rxa8 Bxa8 31. Bc3 Ke6 32. Bxa5 Kd5 33. Bb4 Ne4 34. Be2 Bc6 35. Bf3 Kc4 36. Ba3 Kb3 37. Bc1 Kc2 38. Ba3 Kb3 39. Bc1 Kc2 40. Bxe4+ Bxe4 41. Ba3 Kb3 42. Bc1 Kc2 1/2-1/2

[Event "GRENKE Chess Open 2024"]
[Site "Karlsruhe"]
[Date "2024.03.31"]
[Round "6.20"]
[White "Bogdanov, Artyom"]
[Black "Gaal, Zsoka"]
[Result "1/2-1/2"]
[WhiteElo "2243"]
[BlackElo "2379"]
[Annotator "RC"]
[PlyCount "81"]
[EventDate "2024.03.28"]
[EventType "swiss"]
[EventCountry "GER"]
[SourceTitle "playchess.com"]
[Source "ChessBase"]
[SourceQuality "1"]

1. e4 c6 2. Nf3 d5 3. Nc3 Bg4 4. h3 Bxf3 5. Qxf3 Nf6 6. Be2 e6 7. O-O Bc5 8. Rd1 Bd4 9. Qf4 e5 10. Qg3 O-O 11. d3 Na6 12. a3 Nc5 13. exd5 Bxc3 14. bxc3 Nxd5 15. Bd2 Qf6 16. Re1 Nf4 17. Bf3 Nce6 18. Rab1 Rab8 19. Rb4 Rfe8 20. h4 a5 21. Rbe4 Nc5 22. R4e3 Nd7 23. d4 Qd6 24. dxe5 Qxd2 25. Qxf4 Qxc2 26. e6 fxe6 27. Rxe6 Rxe6 28. Rxe6 Rf8 29. Qc4 Nb6 30. Qd4 Qc1+ 31. Kh2 Qf4+ 32. Qxf4 Rxf4 33. Re7 Rxh4+ 34. Kg1 Ra4 35. Rxb7 Nd5 36. Bxd5+ cxd5 37. Rd7 Rxa3 38. Rxd5 Kf7 39. Rd7+ Kf6 40. Ra7 Rxc3 41. Rxa5 1/2-1/2